| 000 | 00491pab a2200181 454500 | ||
|---|---|---|---|
| 008 | 180718b2015 xxu||||| |||| 00| 0 eng d | ||
| 100 | _aFarooqui, Amar | ||
| 245 | _aDivide and rule? race military recruitment and society in late 19th century colonial India | ||
| 260 | _c2015 | ||
| 300 | _ap.49-59. | ||
| 362 | _aMar-Apr | ||
| 650 | _aSocial systems | ||
| 650 | _aEthnic groups | ||
| 650 | _aRecruitment | ||
| 650 | _aArmed forces | ||
| 773 | _aSocial Scientist | ||
| 909 | _a107992 | ||
| 999 |
_c107987 _d107987 |
||